| 000 | 00386nab a2200145Ia 4500 | ||
|---|---|---|---|
| 003 | ES-SlBCS | ||
| 005 | 20210601131736.0 | ||
| 008 | 140529s1947 xxu||||| |||| 00| 0 fre d | ||
| 041 | _afre | ||
| 100 | 1 |
_aGouhier, Henri _911023 |
|
| 245 | 0 | 0 |
_aThéâtre _c Henri Gouhier |
| 650 | 0 | 4 |
_aTeatro _992860 |
| 773 | 0 |
_tVie Intelectuelle (La) _gnº. 7, 1947, págs. 145-148 _wRev907 |
|
| 942 | _cAR | ||
| 999 |
_c568012 _d568012 |
||